[Event "AUTO-ADV-3859"]
[Site "http://www.queenalice.com/game.php?id=1505676"]
[Date "2017.11.26"]
[Round "2"]
[White "Paraucho"]
[Black "Petruzza"]
[Result "1-0"]
[WhiteElo "2161"]
[BlackElo "1832"]

1. e4 e5 2. Bc4 Nf6 3. Qe2 Bc5 4. c3 O-O 5. h3 a6 6. Nf3 b5 7. Bb3 Bb7 8. Bc2
Nc6 9. O-O b4 10. Rd1 bxc3 11. bxc3 Ne7 12. d4 exd4 13. cxd4 Bb6 14. e5 Nfd5 15.
Ba3 a5 16. Qd3 g6 17. Nc3 Nf4 18. Qe3 Nfd5 19. Nxd5 Nxd5 20. Qh6 Nb4 21. Bxb4
axb4 22. Ng5 Re8 23. Qxh7+ Kf8 24. Qxf7# 1-0

[Event "AUTO-ADV-3853"]
[Site "http://www.queenalice.com/game.php?id=1507684"]
[Date "2017.12.12"]
[Round "2"]
[White "clovis"]
[Black "Paraucho"]
[Result "1-0"]
[WhiteElo "2093"]
[BlackElo "2121"]

1. e4 c6 2. d4 d5 3. exd5 cxd5 4. Nf3 Bg4 5. Bb5+ Nc6 6. Qd3 Bxf3 7. Qxf3 e6 8.
O-O Bd6 9. c4 Ne7 10. Nc3 O-O 11. cxd5 exd5 12. Bxc6 bxc6 13. Bg5 Qb6 14. Bxe7
Bxe7 15. Qe3 Bf6 16. Rfd1 Qxb2 17. Rab1 Qa3 18. Nxd5 Qd6 19. Nxf6+ Qxf6 20. Rb7
a5 21. Rdb1 a4 22. g3 Qf5 23. Qe5 Qc2 24. R1b2 Qc4 25. Kg2 Rfe8 26. Rb8 Qd5+ 27.
Qxd5 cxd5 28. Rxa8 Rxa8 29. Rb5 Kf8 30. Rxd5 Ke7 31. Rb5 Ra6 32. Kf3 g6 33. Ke4
h5 34. d5 Kd6 35. Kd4 a3 36. Rb4 f6 37. Rc4 Kd7 38. Rc6 Ra4+ 39. Kc5 Ra5+ 40.
Kc4 Ke7 41. Rb6 g5 42. Kb4 Rxd5 43. Kxa3 Rf5 44. Rb2 Rd5 45. Rc2 f5 46. Kb4 Ke6
47. a4 Kd6 48. a5 Rd1 49. Ra2 Kc7 50. a6 1-0

[Event "AUTO-ADV-3853"]
[Site "http://www.queenalice.com/game.php?id=1507685"]
[Date "2017.12.12"]
[Round "2"]
[White "Paraucho"]
[Black "clovis"]
[Result "1-0"]
[WhiteElo "2144"]
[BlackElo "1943"]

1. e4 e5 2. Bc4 Nf6 3. Qe2 Nc6 4. Nf3 Bc5 5. c3 O-O 6. O-O Re8 7. Rd1 d5 8. exd5
Nxd5 9. d3 Nf6 10. Bg5 Bg4 11. h3 Bh5 12. Nbd2 Qd6 13. Bxf6 Qxf6 14. Bd5 Ne7 15.
Bb3 Ng6 16. Ne4 Qe7 17. Nxc5 Qxc5 18. Qe4 Nf4 19. d4 exd4 20. Qxf4 dxc3 21. bxc3
Qxc3 22. Rdc1 Qa5 23. Rxc7 b5 24. Bxf7+ 1-0

[Event "AUTO-ADV-3852"]
[Site "http://www.queenalice.com/game.php?id=1508819"]
[Date "2017.12.21"]
[Round "2"]
[White "Profnabor"]
[Black "Paraucho"]
[Result "1-0"]
[WhiteElo "1891"]
[BlackElo "2045"]

1. e4 c6 2. Nf3 d5 3. e5 Bg4 4. Be2 e6 5. d4 Qb6 6. O-O Bxf3 7. Bxf3 c5 8. c3
cxd4 9. cxd4 Nc6 10. b3 Qxd4 11. Qxd4 Nxd4 12. Nd2 Bb4 13. a3 Bxd2 14. Bxd2
Nxf3+ 15. gxf3 Ne7 16. Bb4 Nc6 17. Bd6 Kd7 18. Rac1 Rac8 19. f4 Nd4 20. Kg2 Nxb3
21. Rb1 Na5 22. Rb5 b6 23. Rd1 Nc4 24. Bb4 a5 25. Be1 Rc6 26. Rdb1 f6 27. R1b3
fxe5 28. fxe5 Rf8 29. a4 Rf5 30. Bc3 Kc7 31. Bd4 g5 32. Rh3 Rf7 33. Rh6 1-0

[Event "AUTO-ADV-3852"]
[Site "http://www.queenalice.com/game.php?id=1508820"]
[Date "2017.12.21"]
[Round "2"]
[White "Paraucho"]
[Black "Profnabor"]
[Result "0-1"]
[WhiteElo "2069"]
[BlackElo "1867"]

1. e4 e5 2. Bc4 d6 3. h3 Be6 4. Bd3 Nf6 5. c3 Be7 6. Qe2 O-O 7. Nf3 Nc6 8. O-O
h6 9. Rd1 Qd7 10. Kh2 Nh7 11. Bc2 f5 12. d4 fxe4 13. Bxe4 exd4 14. cxd4 Nf6 15.
Bd3 Nd5 16. Nc3 Ncb4 17. Bb1 Rf6 18. a3 Nc6 19. Ne4 Rf7 20. Ng3 Raf8 21. Qd3 Bf5
22. Nxf5 Rxf5 23. Kg1 Rxf3 24. gxf3 Qxh3 25. Qh7+ Kf7 26. Bg6+ Kf6 27. Be4 Qh5
28. Kg2 Ke6 29. Re1 Kd7 30. Rh1 Qf7 31. Bd2 Nxd4 32. Rh3 Nf4+ 0-1

[Event "AUTO-MASTER-2621"]
[Site "http://www.queenalice.com/game.php?id=1508917"]
[Date "2017.12.21"]
[Round "2"]
[White "rmvwoods"]
[Black "Paraucho"]
[Result "1-0"]
[WhiteElo "2108"]
[BlackElo "2138"]

1. d4 c6 2. e4 d5 3. Nc3 e6 4. Bd3 dxe4 5. Bxe4 Nf6 6. Bg5 Be7 7. Nf3 Nxe4 8.
Nxe4 O-O 9. Bxe7 Qxe7 10. O-O Nd7 11. c4 b6 12. Nfg5 Nf6 13. Qc2 g6 14. b3 Bb7
15. Rad1 Nxe4 16. Nxe4 Rfd8 17. Rd2 c5 18. Rfd1 Qh4 19. f3 Qf4 20. dxc5 Rxd2 21.
Nxd2 bxc5 22. Ne4 f5 23. Nf6+ Kg7 24. Qc3 Kh6 25. Rd7 Qe3+ 26. Qxe3+ 1-0

[Event "AUTO-MASTER-2621"]
[Site "http://www.queenalice.com/game.php?id=1508918"]
[Date "2017.12.21"]
[Round "2"]
[White "Paraucho"]
[Black "rmvwoods"]
[Result "0-1"]
[WhiteElo "1978"]
[BlackElo "2065"]

1. e4 c5 2. Bc4 Nc6 3. Nf3 e6 4. c3 g6 5. O-O Bg7 6. Qe2 Nf6 7. e5 Nd5 8. Rd1
O-O 9. d4 cxd4 10. cxd4 Nb6 11. Bb5 a6 12. Ba4 Nxa4 13. b3 Nb6 14. Bb2 Nd5 15.
Nc3 Nxc3 16. Bxc3 d5 17. Rac1 Bd7 18. b4 a5 19. a3 axb4 20. axb4 Qb6 21. Nd2
Nxd4 22. Qe3 Bh6 23. Qxd4 Qxd4 24. Bxd4 Ra2 25. Rc7 Bc6 26. Nf3 Rfa8 27. Bc5 Ra1
28. Rf1 Bb5 29. Rc8+ Rxc8 30. Rxa1 Ba6 31. g3 Be2 32. Nd4 Bc4 0-1

[Event "AUTO-MASTER-2621"]
[Site "http://www.queenalice.com/game.php?id=1508919"]
[Date "2017.12.21"]
[Round "2"]
[White "Poluco"]
[Black "Paraucho"]
[Result "1-0"]
[WhiteElo "2013"]
[BlackElo "2152"]

1. e4 c6 2. d4 d5 3. exd5 cxd5 4. c4 e6 5. Nf3 Bb4+ 6. Bd2 Bxd2+ 7. Qxd2 Ne7 8.
Bd3 O-O 9. O-O Nbc6 10. c5 Ng6 11. Nc3 b6 12. Rfe1 Bb7 13. Rac1 bxc5 14. dxc5
Qc7 15. Nb5 Qe7 16. Nd6 Rfb8 17. Bxg6 hxg6 18. Ng5 Bc8 19. Ngxf7 Nd8 20. Ng5 Qf6
21. b3 a5 22. Re3 Qxg5 23. Rce1 Bd7 24. Qd4 Ra6 25. Rg3 Qe7 26. Rxg6 Rb4 27. Qc3
Qf8 28. Qg3 a4 29. h3 Nf7 30. Nxf7 Qxf7 31. Re5 Be8 32. Reg5 Ra7 33. Qe5 Re7 34.
Rf6 axb3 35. axb3 1-0

[Event "AUTO-MASTER-2621"]
[Site "http://www.queenalice.com/game.php?id=1508920"]
[Date "2017.12.21"]
[Round "2"]
[White "Paraucho"]
[Black "Poluco"]
[Result "0-1"]
[WhiteElo "1993"]
[BlackElo "2024"]

1. e4 c5 2. Bc4 e6 3. Nf3 Nc6 4. c3 Nge7 5. O-O d5 6. exd5 Nxd5 7. Qe2 Na5 8.
Bd3 Nf4 9. Bb5+ Bd7 10. Bxd7+ Qxd7 11. Qe4 Nd3 12. Na3 Be7 13. Ne5 Nxe5 14. d4
Ng6 15. Rd1 cxd4 16. Rxd4 Qc6 17. Qe1 Qb6 18. b4 Nc6 19. Rg4 O-O 20. Kh1 Nce5
21. Rg3 Bh4 22. Re3 Bg5 23. Rxe5 Bxc1 24. Rb5 Bxa3 25. Rxb6 axb6 26. Rb1 Rfd8
27. g3 Rd3 28. Rb3 Rad8 29. Qe4 Rd1+ 30. Kg2 Bc1 31. c4 R8d7 32. a4 R1d4 33. Qe1
Bg5 34. c5 bxc5 35. bxc5 Rxa4 36. Qb1 Rc4 37. h4 Bf6 38. Rxb7 Rxb7 39. Qxb7 Rxc5
40. f3 Rc2+ 41. Kh3 Rb2 42. Qa6 Nf8 43. f4 h6 44. Kg4 Rg2 45. Qa8 Rb2 46. h5 e5
47. f5 Rd2 0-1

[Event "AUTO-OPEN-3827"]
[Site "http://www.queenalice.com/game.php?id=1517644"]
[Date "2018.2.27"]
[Round "2"]
[White "erig1969"]
[Black "Paraucho"]
[Result "1-0"]
[WhiteElo "2007"]
[BlackElo "2105"]

1. d4 c6 2. c4 d5 3. e3 e6 4. Be2 dxc4 5. Bxc4 Qb6 6. a3 Nf6 7. Nc3 Bd6 8. e4
Bc7 9. e5 Nd5 10. Nf3 O-O 11. O-O Bd8 12. Ne4 1-0

[Event "AUTO-OPEN-3827"]
[Site "http://www.queenalice.com/game.php?id=1517645"]
[Date "2018.2.27"]
[Round "2"]
[White "Paraucho"]
[Black "erig1969"]
[Result "0-1"]
[WhiteElo "2087"]
[BlackElo "2027"]

1. e4 c5 2. Bc4 e6 3. c3 Nc6 4. Nf3 Be7 5. O-O a6 6. Qe2 b5 7. Bb3 Qc7 8. Bc2 d6
9. Rd1 Nf6 10. d3 e5 0-1

[Event "AUTO-OPEN-3827"]
[Site "http://www.queenalice.com/game.php?id=1517650"]
[Date "2018.2.27"]
[Round "2"]
[White "deepjcc"]
[Black "Paraucho"]
[Result "1-0"]
[WhiteElo "2399"]
[BlackElo "2108"]

1. d4 c6 2. Nf3 d5 3. Bf4 e6 4. Nbd2 Qb6 5. Rb1 Ne7 6. e3 Ng6 7. Bg3 Be7 8. Bd3
O-O 9. h4 Qd8 10. c4 Nd7 11. Rc1 1-0